[Event "IBCA Wch Blind and Visually imp U22"]
[Site "Solec Zdroj"]
[Date "2018.08.15"]
[Round "2.2"]
[White "Eichstaedt, Mirko"]
[Black "Mitrovic, Stefan"]
[Result "1-0"]
[WhiteElo "2190"]
[BlackElo "1659"]
[PlyCount "71"]
[EventDate "2018.08.14"]
[EventType "swiss"]
[EventRounds "9"]
[EventCountry "POL"]
[SourceTitle "EXT 2024"]
[Source "ChessBase"]
[SourceDate "2023.10.10"]
[SourceVersion "1"]
[SourceVersionDate "2023.10.10"]
[SourceQuality "1"]

1. d4 Nf6 2. Nf3 d6 3. Nc3 Nbd7 4. e4 e5 5. g3 Be7 6. Bg2 c6 7. 0-0 0-0 8. h3 h6 9. a4 a5 10. Re1 Qc7 11. Be3 Re8 12. Qd2 Kh7 13. Rad1 Bf8 14. Kh2 g6 15. d5 Nb6 16. b3 Bd7 17. Ng1 Rec8 18. Nce2 Re8 19. c4 Ng8 20. Nc3 Nc8 21. f4 Bg7 22. Rf1 Rf8 23. fxe5 Bxe5 24. Nf3 Bg7 25. dxc6 Bxc6 26. Nd4 Bxd4 27. Qxd4 Qe7 28. Bc1 Qe5 29. Ba3 Qxd4 30. Rxd4 Kg7 31. e5 Bxg2 32. Kxg2 Ra6 33. exd6 Rd8 34. Nb5 Rd7 35. Rd5 Nf6 36. Bb2 1-0

[Event "Belgrade-chT"]
[Site "Belgrade"]
[Date "2018.05.09"]
[Round "3"]
[White "Mitrovic, Stefan"]
[Black "Milosevic, Sergej"]
[Result "0-1"]
[WhiteElo "1692"]
[BlackElo "2006"]
[PlyCount "80"]
[EventDate "2018.05.07"]
[EventType "team-swiss"]
[EventRounds "5"]
[EventCountry "SRB"]
[SourceTitle "CBM 184 Extra"]
[Source "ChessBase"]
[SourceDate "2018.06.28"]
[SourceVersion "1"]
[SourceVersionDate "2018.06.28"]
[SourceQuality "1"]
[WhiteTeam "Belgrade Pogledi"]
[BlackTeam "Belgrade PTT"]
[WhiteTeamCountry "SRB"]
[BlackTeamCountry "SRB"]

1. d4 Nf6 2. c4 c5 3. e3 e6 4. Nc3 d5 5. Nf3 Nc6 6. Be2 dxc4 7. Bxc4 cxd4 8. exd4 Be7 9. 0-0 0-0 10. Be3 b6 11. Qe2 Na5 12. Bd3 Bb7 13. Nd2 Rc8 14. Rac1 Qd7 15. f3 Nd5 16. Nxd5 Bxd5 17. b3 Bf6 18. Qf2 Rxc1 19. Rxc1 Rc8 20. Rxc8+ Qxc8 21. Nb1 g6 22. Qd2 Nc6 23. Qf2 Nxd4 24. Bxd4 Qc1+ 25. Bf1 Bxd4 26. Qxd4 Qxb1 27. Qd2 Qa1 28. Kf2 Qe5 29. h3 h5 30. Qe2 Qd4+ 31. Qe3 Qc5 32. Qxc5 bxc5 33. Ke3 Kg7 34. Bd3 f5 35. g3 e5 36. h4 Kf6 37. Be2 Be6 38. Bb5 Ke7 39. Bd3 Kd6 40. Bb5 Bf7 0-1